| Tag |
First Indicator |
Second Indicator |
Subfields |
| LEADER |
00000cam a2200000 4500 |
| 001 |
in00003882621 |
| 005 |
20190416170317.0 |
| 006 |
m o d |
| 007 |
cr |n||||||||n |
| 008 |
850925s1794 xxu|||| o 00| | eng c |
| 035 |
|
|
|a (CU-RivES)W8989
|
| 035 |
|
|
|a (Uk-ES)006450801
|
| 035 |
|
|
|a (OCoLC)510938547
|
| 040 |
|
|
|a MWA
|c MWA
|d CU-RivES
|d CStRLIN
|d Cengage Gale
|d UtOrBLW
|
| 050 |
|
4 |
|a Z1215
|b .C374 1794
|
| 100 |
1 |
|
|a Carey, Mathew,
|d 1760-1839.
|0 http://id.loc.gov/authorities/names/n50035124
|
| 245 |
1 |
0 |
|a Address of M. Carey to the public.
|
| 264 |
|
3 |
|a [Philadelphia] :
|b [Printed by Mathew Carey],
|c [1794]
|
| 300 |
|
|
|a 1 online resource (8 pages)
|
| 336 |
|
|
|a text
|b txt
|2 rdacontent
|
| 337 |
|
|
|a computer
|b c
|2 rdamedia
|
| 338 |
|
|
|a online resource
|b cr
|2 rdacarrier
|
| 500 |
|
|
|a Carey's reply to a printed attack, signed Argus, accusing him of irresponsibility and cruelty during the yellow fever epidemic.
|
| 500 |
|
|
|a Caption title.
|
| 500 |
|
|
|a Dated: Philadelphia, April 4, 1794. Ascribed to the press of Mathew Carey by Evans.
|
| 509 |
|
|
|a Signatures: A⁴
|
| 510 |
4 |
|
|a Evans,
|c 26729
|
| 510 |
4 |
|
|a Austin, R.B. Early Amer. medical imprints,
|c 400
|
| 510 |
4 |
|
|a English Short Title Catalog,
|c W8989.
|
| 500 |
|
|
|a Reproduction of original from Library of Congress.
|
| 500 |
|
|
|a Electronic resource.
|
| 600 |
0 |
0 |
|a Argus,
|d active 1794.
|0 http://id.loc.gov/authorities/names/nr92025756
|
| 650 |
|
0 |
|a Yellow fever
|z Pennsylvania
|z Philadelphia.
|0 http://id.loc.gov/authorities/subjects/sh2008124347
|
| 655 |
|
7 |
|a Electronic books.
|2 local
|
| 700 |
1 |
|
|a Carey, Mathew,
|d 1760-1839,
|e printer.
|0 http://id.loc.gov/authorities/names/n50035124
|
| 710 |
2 |
|
|a Gale (Firm)
|0 http://id.loc.gov/authorities/names/no2008071348
|
| 752 |
|
|
|a United States
|b Pennsylvania
|d Philadelphia.
|
| 856 |
4 |
0 |
|u http://proxy.library.tamu.edu/login?url=http://find.galegroup.com/ecco/infomark.do?contentSet=ECCOArticles&docType=ECCOArticles&bookId=1353400300&type=getFullCitation&tabID=T001&prodId=ECCO&docLevel=TEXT_GRAPHICS&version=1.0&source=library&userGroupName=txshracd2898
|z Connect to the full text of this electronic book
|t 0
|
| 999 |
f |
f |
|s 3f4950d6-0cf4-3780-b8f4-f53736f8a9b0
|i eec131a9-5baa-35d1-be3e-0a917666dbcf
|t 0
|
| 952 |
f |
f |
|a Texas A&M University
|b College Station
|c Electronic Resources
|d Available Online
|t 0
|e Z1215 .C374 1794
|h Library of Congress classification
|
| 998 |
f |
f |
|a Z1215 .C374 1794
|t 0
|l Available Online
|